| 000 | 00756nas a2200253 4500 | ||
|---|---|---|---|
| 001 | BR9802244 | ||
| 003 | BR-BrBNA | ||
| 005 | 20231205101020.0 | ||
| 007 | ta | ||
| 008 | 230509b bl.|||p| |||| 00| 00por d | ||
| 040 |
_aBR-BrBNA _bpor _cBiblioteca Nacional de Agricultura |
||
| 041 | _a(Pt) | ||
| 072 | _aH01 | ||
| 100 | 1 | _aSaab, O.J.G.A. | |
| 100 | 1 | _aAntuniassi, U.R. | |
| 245 | 1 | _aAvaliacao do deposito de calda em um sistema de aplicacao de defensivos utilizado em videiras | |
| 650 | _aUva | ||
| 650 | _aDefensivo | ||
| 650 | _aPulverizador | ||
| 650 | _aPulverizacao | ||
| 773 | 0 |
_tEnergia na Agricultura (Brazil) _xISSN 0102-9169 _g(1997), v. 12(2) p. 1-11 _wBR9802244 |
|
| 909 |
_a202311 _bLúcia _c55 _dLúcia Elande |
||
| 942 |
_2AGRIS _n0 _cANA |
||
| 999 |
_c159303 _d159303 |
||